| 000 | 00369nam a2200145Ia 4500 | ||
|---|---|---|---|
| 008 | 230917s9999||||xx |||||||||||||| ||und|| | ||
| 040 |
_e197484 _aMAIN |
||
| 041 | _aEnglish | ||
| 082 | _a810.9 N164A | ||
| 100 | _aNarasimhaiah, C D | ||
| 245 | 0 | _aAsian response to American literature | |
| 260 |
_aDelhi _bVikas Publications _c1972 |
||
| 300 | _a463 p. | ||
| 942 | _cBK | ||
| 999 |
_c130242 _d130242 |
||